00711nam a2200241 a 4500001001300000003000900013005001700022008004100039020002300080082002100103100001300124245006200137260003100199300000900230500003500239505001000274650001800284700001300302902000800315942000700323952012200330999001700452nice12345678IN_TiNIC20260116013721.0050524s1987 newa grp 000 0 eng  a8185024 c45000a305.6297054bMAY aMay, L S aEvolution of Indo-Muslim Thought from 1857 to the Present aNew DelhibUppal Pubc1987 a488p aincludes index and biblioraphy2 aIndex aMuslims-India1 aMay, L S bSRS cBK 001040708StackRoom-aHMIbHMId2007-03-28g450.00l0o305.6297054 MAYp018028r2007-03-28v450.00w2005-05-24yBK c12131d12131